Winds of change (Record no. 78205)
[ view plain ]
| 000 -LEADER | |
|---|---|
| fixed length control field | 00906cab a2200181 4500 |
| 001 - CONTROL NUMBER | |
| control field | L136240 |
| 008 - FIXED-LENGTH DATA ELEMENTS--GENERAL INFORMATION | |
| fixed length control field | 070119n2006 000 0 eng u |
| 035 ## - SYSTEM CONTROL NUMBER | |
| System control number | (Sirsi) u136240 |
| 041 0# - LANGUAGE CODE | |
| Language code of text/sound track or separate title | eng |
| 100 1# - MAIN ENTRY--PERSONAL NAME | |
| Personal name | Kerr, Sandy |
| 245 00 - TITLE STATEMENT | |
| Title | Winds of change |
| Remainder of title | the planning response to renewable energy in Scotland |
| 260 ## - PUBLICATION, DISTRIBUTION, ETC. | |
| Date of publication, distribution, etc. | 2006 |
| 490 #0 - SERIES STATEMENT | |
| Series statement | Town Planning Review |
| Volume/sequential designation | 77(4) 2006, 375-401 (27) |
| 520 ## - SUMMARY, ETC. | |
| Summary, etc. | Presents the results of a survey of local authority planners involved in determining renewable energy applications and local planning policy in Scotland. The questionnaire was used to identify the key challenges that renewable energy presents for the planning profession. Reveals an emerging conflict between national policy on the one hand and regional planning concerns on the other. |
| 651 #4 - SUBJECT ADDED ENTRY--GEOGRAPHIC NAME | |
| Geographic name | Scotland |
| Chronological subdivision | 1999- |
| 690 ## - LOCAL SUBJECT ADDED ENTRY--TOPICAL TERM (OCLC, RLIN) | |
| Topical term or geographic name as entry element | ENVIRONMENTAL AND LAND CONSULTANCY-ENERGY-RENEWABLE ENERGY |
| 942 ## - ADDED ENTRY ELEMENTS (KOHA) | |
| Suppress in OPAC | 0 |
| Withdrawn status | Lost status | Source of classification or shelving scheme | Damaged status | Not for loan | Home library | Current library | Shelving location | Date acquired | Total Checkouts | Full call number | Barcode | Date last seen | Copy number | Price effective from | Koha item type |
|---|---|---|---|---|---|---|---|---|---|---|---|---|---|---|---|
| Dewey Decimal Classification | London | London | Journal article | 19/01/2007 | L136240 | 136240-1001 | 06/08/2019 | 1 | 06/08/2019 | Journal article |